00444nam a2200133Ia 4500008004100000082001500041100003100056245011900087260003900206300001600245520001100261650001800272710002000290230907s9999||||xx |||||||||||||| ||und|| a621.3bHAM aHamza Hafeez (00000319087) 0aPotential of Floating PV Power Plant Deployed on lakes for Partial Electricity Supply: A Case study of NUST Lake / aUSPCAS-E, NUST,bIslamabad :c2021 axiii, 57 p. aTH-323 aMS-ESE Thesis aDr. Adeel Waqas